Les pays les plus petit du Monde - Statistiques

Statistiques générales
  • Ce quiz a été pris 217 fois
  • Le résultat moyen est 16 sur 25
Statistiques - réponses
Réponse Superficie % Correct
Vatican 0,44 km2
97%
Monaco 2 km2
94%
Saint-Marin 62 km2
90%
Andorre 468 km2
88%
Liechtenstein 160 km2
81%
Sainte-Lucie 616 km2
71%
Saint-Christophe-et-Niévès 261 km2
67%
Saint-Vincent-et-les-Grenadines 389 km2
67%
Singapour 693 km2
67%
Tuvalu 26 km2
62%
Grenade 344 km2
61%
Nauru 21 km2
61%
Dominique 754 km2
60%
Îles Marshall 181 km2
60%
Tonga 748 km2
60%
Barbade 431 km2
59%
Antigua-et-Barbuda 443 km2
56%
Bahreïn 665 km2
55%
Seychelles 455 km2
55%
Kiribati 811 km2
54%
Malte 316 km2
53%
Micronésie 702 km2
53%
São Tomé-et-Principe 1000 km2
53%
Maldives 300 km2
52%
Palaos 458 km2
51%
Aucun quiz correspondant
Distribution des résultats
% des personnes avec chaque résultat
Percentile par nombre de réponses
Votre historique - résultats
Vous n’avez pas pris ce quiz